000
00313nam a22001457a 4500
008
230516b ||||| |||| 00| 0 eng d
020
_a
9780316404624
041
_a
eng
080
_a
070
082
_a
070WOL
100
_a
18
101
_a
MEDIA
245
_a
THE KINGDOM OF SPEECH
_c
WOLFE.T
942
_2
udc
_c
BK
999
_c
59739
_d
59739